01331nam a2200301 u 450000100070000000500170000700800410002403500110006504000130007604100080008908200080009710000500010524500190015526000430017430000140021752002570023165000420048865000320053065000350056265000400059770000550063794200100069299900190070250200100072152600070073195201640073895201270090264491520260506090251.0010207s2000 ||||||m| spa  a644915 ccomduadb aspa 4a79210aCiódaro Pérez, Maribell4auteaut933250410aTeatro silente aMedellín :b[sin publicador],c2000. a133 hojas3 ateatro silente es todo la esprecion corporal y por decir de alguna manera, el lenguaje del cuerpo, sin ser una exprecion verbal. incluyendo en su mundo a los actores del comùn como son los sordos y siendo este, el teatro silente, una forma de educar. 7aTeatro en la educación2lemb942797 aProyectos artisticos969732 aProyecto Teatro silente969733 7aActividades culturales2lemb91897410aGutierrez Torres, Diana Patricia4auteaut9329541 cTESIS c188159d188159 b29c7 a29 001040708TESISBCaBCbBCd2001-02-07eMaterial adquirido por donacióniC668457l0o792.022 C576p61000002047260r2023-04-23 00:00:00t1w2023-04-23yTESIS 001040708GENERALaCEDEAbCEDEAd2008-04-21iC996548l0oT/0059 2000p0613718r2023-04-23 00:00:00t2w2023-04-23yTESIS